| 000 | 00000nam##2200000za#4500 |
| 001 | 9.640084 |
| 003 | CaOODSP |
| 005 | 20250128101653 |
| 007 | cr ||||||||||| |
| 008 | 150407|2001||||xxc|||||o f|0| 0 fre|d |
| 040 | |aCaOODSP|bfre |
| 043 | |an-cn--- |
| 086 | 1 |aSF31-53/3-2001F-PDF |
| 110 | 1 |aCanada. |bBureau du Commissaire aux langues officielles. |
| 245 | 10|aLes langues officielles au Canada - faits et chiffres. Atlantique : |h[ressource électronique]|bTerre-Neuve, Île-du-Prince-Édouard, Nouvelle-Écosse et Nouveau-Brunswick |
| 260 | |aOttawa - Ontario : |bCommissariat aux langues officielles |cc2001. |
| 300 | |a22p.|bcartes, tableaux |
| 590 | |a12-16-Supp|b2012-04-17 |
| 691 | 07|aLangue officielle|2gcpds |
| 691 | 07|aProvinces atlantiques|2gcpds |
| 775 | 08|tCanadian linguistic facts and figures. Atlantic : |w(CaOODSP)9.695966 |
| 776 | 0#|tCanadian linguistic facts and figures: Atlantic: Newfoundland, Prince Edward Island, Nova Scotia, New Brunswick |w(CaOODSP)9.662785 |
| 776 | 0#|tLes langues officielles au Canada: faits et chiffres: Atlantique: Terre-Neuve, Île-du-Prince-Édouard, Nouvelle-Écosse et Nouveau-Brunswick |w(CaOODSP)9.662786 |
| 856 | 40|ahttp://publications.gc.ca|qPDF|s262 Ko|uhttps://publications.gc.ca/collections/Collection/SF31-53-3-2001F.pdf |